| 000 | 00495nam a2200181 a 4500 | ||
|---|---|---|---|
| 003 | IIN | ||
| 005 | 20250924122038.0 | ||
| 008 | 250924s2019 xx d 000 0 eng d | ||
| 020 |
_cRs.405.00 _a9788184733235 |
||
| 040 |
_aIIN _bEnglish |
||
| 082 |
_a610.3 _bSTE |
||
| 100 | 1 | _aStedman | |
| 245 | 1 |
_aStedman's Pocket Medical Dictionary (South Asian Edition) _cStedman |
|
| 260 |
_bWolters Kluwer _aNew Delhi _c2010 |
||
| 300 | _axv, 1190 p. | ||
| 650 | 1 |
_aNursing _vDictionary |
|
| 942 | _cREF | ||
| 999 |
_c1875 _d1875 |
||